Rom, alebo Róm? (Profesorovi MUDr. Jozefovi Skotnickému k jeho osemdesiatke srdečne venuje autor.)

Bibliographic Details
Main Author: Kutlík-Garudo, Igor E. (Author)
Format: Article
Language:Slovak
PhysicalDescription:Lit. 44 zázn. v rôzn. jaz.
Subjects:

MARC

LEADER 00000nab a2200000 a 4500
001 vtls000437737
003 SK-MaSNL
005 20260303191041.0
008 230223c1991 xo 0 slo
015 |a SNBRB19rr/mm-uuuuu 
035 |a CL0437865 
035 |a urn:nbn:sk:snk-ab1iok 
035 |a (urnnbn)urn:nbn:sk:snk:ar-0042sn 
035 |a (uuid)bf7dc9db-0644-4fb3-baaa-f801008ff745 
040 |a SNKBUCL  |b slo  |c SNKBUCL  |e AACR2 
041 0 |a slo 
044 |a xo  |c SK 
080 |a 801.22:801.54:801.1:808.54  |2 1981 
080 |a 801.54  |2 1981 
080 |a 801.1  |2 1981 
080 |a 808.54  |2 1981 
100 1 |a Kutlík-Garudo, Igor E.  |4 aut  |9 492603 
245 1 0 |a Rom, alebo Róm?  |b (Profesorovi MUDr. Jozefovi Skotnickému k jeho osemdesiatke srdečne venuje autor.)  |c Igor E. Kutlík-Garudo 
300 |b Lit. 44 zázn. v rôzn. jaz. 
650 0 7 |a slovenčina  |2 snkbucl  |9 1350 
650 0 7 |a podstatné mená  |2 snkbucl  |9 1323 
655 7 |a články z novín a časopisov  |2 snkbucl  |9 267496 
773 0 |t Slovenská reč  |g Roč. 56, č. 4 (1991), s. 222-229 
850 |a Slovenská národná knižnica v Martine  |a MTA001 
852 |a SNK  |b KIS3GCP 
954 |a odborná, vedecká literatúra pôvodná (slovenská)  |2 lita 
958 |a NB 
958 |a RK 
958 |a OND 
958 |a EUIPO 
958 |a article27 
992 |a RBX 
999 |c 2139257  |d 2141187